| 000 | 00378nam a2200145 a 4500 | ||
|---|---|---|---|
| 005 | 20140414093828.0 | ||
| 008 | 970101s19uu xx 00 eng d | ||
| 050 |
_aVHS 600 _bR 09 t.1 |
||
| 100 | _aTeehankee, Ben | ||
| 245 |
_aManaging schools of the future. / _cby. Dr. Ben Teehankee. |
||
| 260 | _cJanuary 03, 2000. | ||
| 440 | _aTape 1 | ||
| 942 | _cAVM | ||
| 999 |
_c108551 _d108551 |
||